| 000 | 01929nam a2200397 a 4500 | ||
|---|---|---|---|
| 001 | ebr10170583 | ||
| 003 | CaPaEBR | ||
| 006 | m u | ||
| 007 | cr cn||||||||| | ||
| 008 | 060605s2006 nyua sb 001 0beng | ||
| 010 | _z 2006018156 | ||
| 020 | _z0814736866 (cloth : alk. paper) | ||
| 020 | _z9780814736869 (cloth : alk. paper) | ||
| 040 |
_aCaPaEBR _cCaPaEBR |
||
| 035 | _a(OCoLC)173511436 | ||
| 043 | _an-us--- | ||
| 050 | 1 | 4 |
_aHN90.R3 _bH578 2006eb |
| 082 | 0 | 4 |
_a335.6092 _aB _222 |
| 100 | 1 | _aHorne, Gerald. | |
| 245 | 1 | 4 |
_aThe color of fascism _h[electronic resource] : _bLawrence Dennis, racial passing, and the rise of right-wing extremism in the United States / _cGerald Horne. |
| 260 |
_aNew York : _bNew York University Press, _cc2006. |
||
| 300 |
_axxiv, 229 p. : _bill. |
||
| 504 | _aIncludes bibliographical references and index. | ||
| 505 | 0 | _aIntroduction: More than passing strange -- Passing fancy? -- Passing through -- Fascism -- The face--of fascism -- Fascism and betrayal -- Approaching disaster -- Framing a guilty man? -- Fascism on trial -- A trial on trial -- After the fall -- An isolationist isolated? -- Passing on. | |
| 533 |
_aElectronic reproduction. _bPalo Alto, Calif. : _cebrary, _d2013. _nAvailable via World Wide Web. _nAccess may be limited to ebrary affiliated libraries. |
||
| 600 | 1 | 0 |
_aDennis, Lawrence, _d1893-1977. |
| 650 | 0 |
_aFascists _zUnited States _vBiography. |
|
| 650 | 0 |
_aRight-wing extremists _zUnited States _vBiography. |
|
| 650 | 0 |
_aAfrican Americans _vBiography. |
|
| 650 | 0 |
_aPassing (Identity) _zUnited States _vCase studies. |
|
| 650 | 0 |
_aRadicalism _zUnited States _vCase studies. |
|
| 650 | 0 |
_aIsolationism _zUnited States _vCase studies. |
|
| 655 | 7 |
_aElectronic books. _2local |
|
| 710 | 2 | _aebrary, Inc. | |
| 856 | 4 | 0 |
_uhttp://site.ebrary.com/lib/rucke/Doc?id=10170583 _zAn electronic book accessible through the World Wide Web; click to view |
| 999 |
_c138997 _d138997 |
||